Auditing of computer-generated accounts: a simulation

Guardat en:
Dades bibliogràfiques
Autors principals: Stolle, Carlton (Autor), Bearden, Gary (Autor)
Format: Llibre
Idioma:anglès
Publicat: Nueva York McGraw-Hill 1971
Matèries:
Etiquetes: Afegir etiqueta
Sense etiquetes, Sigues el primer a etiquetar aquest registre!

MARC

LEADER 00000nam a2200000 a 4500
001 UCQ0275
003 CL-VaPUC
008 980627e19710000US |||||||||||||||||eng|d
082 0 4 |a 657.453  |b STO  |2 21 
100 0 |a Stolle, Carlton  |e author  |9 413432 
700 0 |a Bearden, Gary  |e author  |9 413433 
245 1 0 |a Auditing of computer-generated accounts: a simulation 
300 |a 111 p 
942 |c BK 
945 |d 19980627 00:00:00  |a cmena 
260 |a Nueva York  |b McGraw-Hill  |c 1971 
650 0 |a Auditoría  |9 307008 
650 0 |a Contabilidad de costos   |9 260564 
650 7 |a SIMULACION  |2 CL-VaPUC  |9 338579 
650 0 |a Aplicaciones de computadores  |9 260401 
650 0 |a Estados de cuentas  |9 352305 
583 |a last modification  |c 19980627 00:00:00  |k Rodrigo Vera 
999 |c 271414  |d 271412 
952 |0 0  |1 0  |4 0  |6 657_453000000000000_STO_1971  |7 0  |8 P  |9 306062  |a BIBGIM  |b BIBGIM  |d 2019-11-20  |i 1426885  |o 657.453 STO 1971  |p 1426885  |r 2025-01-15  |w 2019-11-20  |y BK  |k COM